书目信息 |
| 题名: |
身边的科学
|
|
| 作者: | 格洛弗 著 | |
| 分册: | ||
| 出版信息: | 南京 江苏科学技术出版社 1999.03 |
|
| 页数: | 29页 | |
| 开本: | 20开 | |
| 丛书名: | ||
| 单 册: | ||
| 中图分类: | TM-49 | |
| 科图分类: | ||
| 主题词: | 电工技术 | |
| 电子资源: | ||
| ISBN: | 7-5345-2785-6 | |
| 000 | 00539nam0 2200193 45 | |
| 001 | 0008071862 | |
| 005 | 20000807180714.1 | |
| 010 | @a7-5345-2785-6@d4.00元 | |
| 100 | @a20000807d1999 km y0chiy0120 ea | |
| 101 | 0 | @achi |
| 105 | @a z 000yy | |
| 200 | 1 | @a身边的科学@AShen Bian De Ke Xue@f(英)格洛弗著@F(Ying)Ge Luo Fu Zhu |
| 210 | @a南京@c江苏科学技术出版社@d1999.03 | |
| 215 | @a29页@d20开 | |
| 606 | 0 | @a电工技术 |
| 690 | @aTM-49@v3 | |
| 701 | 0 | @a格洛弗@4著 |
| 801 | @aCN@bPftUser@c20000807 | |
| 905 | @dTM-49@eG245/1@b93139-148@f10 | |
| 身边的科学/(英)格洛弗著.-南京:江苏科学技术出版社,1999.03 |
| 29页;20开 |
| ISBN 7-5345-2785-6:4.00元 |
| ● |
| 相关链接 |
|
|
|
正题名:身边的科学
索取号:TM-49/G245/1
 
预约/预借
| 序号 | 登录号 | 条形码 | 馆藏地/架位号 | 状态 | 备注 |
| 1 | 93139 | 200931395 | 自科库301/ [索取号:TM-49/G245/1] | 在馆 | |
| 2 | 93140 | 200931402 | 自科二线404/404自科库 15排6列6层/ [索取号:TM-49/G245/1] | 在馆 | |
| 3 | 93141 | 200931411 | 自科二线404/404自科库 15排5列6层/ [索取号:TM-49/G245/1] | 在馆 | |
| 4 | 93142 | 200931420 | 自科二线404/301自科库 2排3列4层/ [索取号:TM-49/G245/1] | 在馆 | |
| 5 | 93143 | 200931439 | 自科库301/ [索取号:TM-49/G245/1] | 在馆 | |
| 6 | 93144 | 200931448 | 自科库301/ [索取号:TM-49/G245/1] | 在馆 | |
| 7 | 93145 | 200931457 | 期刊室512/301自科库 2排3列4层/ [索取号:TM-49/G245/1] | 在馆 | |
| 8 | 93146 | 200931466 | 期刊室512/301自科库 2排3列4层/ [索取号:TM-49/G245/1] | 在馆 | |
| 9 | 93147 | 200931475 | 自科库301/ [索取号:TM-49/G245/1] | 在馆 | |
| 10 | 93148 | 200931484 | 自科二线404/404自科库 15排6列6层/ [索取号:TM-49/G245/1] | 在馆 |